Die 20 friedlichsten und gefährlichsten Länder - Statistiken

Allgemein
  • Dieses Quiz wurde 474 mal gespielt
  • Das Durchschnittsergebnis liegt bei 9 aus 20
Antwortstatistiken
Antwort % Korrekt
Schweiz
71%
Afghanistan
68%
Irak
68%
Russland
67%
Island
62%
Syrien
62%
Japan
54%
Dänemark
53%
Neuseeland
49%
Österreich
49%
Demokratische Republik Kongo
47%
Somalia
46%
Sudan
46%
Südsudan
42%
Jemen
40%
Singapur
31%
Portugal
28%
Zentralafrikanische Republik
17%
Slowenien
15%
Tschechien
15%
Keine übereinstimmenden Quizze gefunden
Verteilung der Resultate
Anzahl Personen mit jedem Resultat
Perzentil nach korrekt beantworteten Fragen
Ihre Resultats-Entwicklung
Sie haben dieses Quiz noch nicht gespielt